Poemas gramaticales
Guardat en:
| Autor principal: | |
|---|---|
| Format: | Llibre |
| Idioma: | espanyol |
| Publicat: |
Puerto Montt
Polígono
1993
|
| Col·lecció: | Polígono, 3
|
| Matèries: | |
| Etiquetes: |
Afegir etiqueta
Sense etiquetes, Sigues el primer a etiquetar aquest registre!
|
MARC
| LEADER | 00000nam a2200000 a 4500 | ||
|---|---|---|---|
| 001 | UCY3288 | ||
| 003 | CL-VaPUC | ||
| 008 | 941220e19930000CL |||||||||||||||||spa|d | ||
| 082 | 0 | 4 | |a Ch861 |b ROD |2 21 |
| 100 | 0 | |a Rodríguez Paris, Ida Antonieta |e author |9 331563 | |
| 245 | 1 | 0 | |a Poemas gramaticales |
| 300 | |a 40 p | ||
| 942 | |c BK | ||
| 945 | |d 19941220 00:00:00 |a oaravena | ||
| 260 | |a Puerto Montt |b Polígono |c 1993 | ||
| 650 | 0 | |a Poesías chilenas |9 265280 | |
| 583 | |a last modification |c 19941220 00:00:00 |k Rodrigo Vera | ||
| 490 | 0 | |a Polígono, 3 | |
| 999 | |c 231473 |d 231471 | ||
| 952 | |0 0 |1 0 |4 0 |6 CH_861_000000000000000_ROD_1993 |7 0 |8 A |9 234765 |a BIBEDU |b BIBEDU |d 2019-11-15 |i 303772K |l 2 |o Ch861 ROD 1993 |p 303772K |r 2024-10-29 |s 2024-10-22 |w 2019-11-15 |y BK |k LIT | ||
| 952 | |0 0 |1 0 |4 0 |6 CH_861_000000000000000_ROD_1993 |7 0 |8 A |9 234766 |a BIBEDU |b BIBEDU |d 2019-11-15 |i 3037738 |l 1 |o Ch861 ROD 1993 |p 3037738 |r 2023-12-04 |s 2023-11-28 |w 2019-11-15 |y BK |k LIT | ||